000 00524nam a2200193Ia 4500
003 GCL
008 140319s9999 xx 000 0 ara d
040 _aGCL /
_cGCL
082 0 4 _a709.55
_bا د
100 1 _aاحمد فخرى
245 1 0 _aدراسات فى الفن الفارسى /
_cاحمد فخرى
260 _a[S.N] :
_bدار التأليف والنشر ،
_c1971
300 _a93 ص
490 _a
650 0 4 _aايران
650 0 4 _aالفن
650 0 4 _aالفن الاسلامى
942 _2ddc
_cBK
999 _c36382
_d36382